Psicología social de las organizaciones (Registro nro. 2458)

Detalles MARC
000 -LEADER
fixed length control field 00929 a2200217 4500
001 - CONTROL NUMBER
control field 34508
005 - DATE AND TIME OF LATEST TRANSACTION
control field 20260407155632.0
008 - FIXED-LENGTH DATA ELEMENTS--GENERAL INFORMATION
fixed length control field 260407a1997 arg spa d
003 - CONTROL NUMBER IDENTIFIER
control field AR-UNSa-BCEJYS
040 ## - CATALOGING SOURCE
Original cataloging agency AR-UNSa-BCEJYS
Language of cataloging spa
Transcribing agency AR-UNSa-BCEJYS
080 ## - UNIVERSAL DECIMAL CLASSIFICATION NUMBER
Universal Decimal Classification number 658.013
Common auxiliary subdivision Cuestiones psicológicas (Psicología de la organización)
020 ## - INTERNATIONAL STANDARD BOOK NUMBER
International Standard Book Number 950-12-3245-X
100 1# - MAIN ENTRY--PERSONAL NAME
Personal name Schvarstein, Leonardo
245 10 - TITLE STATEMENT
Title Psicología social de las organizaciones
Name of part/section of a work nuevos aportes
264 #1 - PRODUCTION, PUBLICATION, DISTRIBUTION, MANUFACTURE, AND COPYRIGHT NOTICE
Place of production, publication, distribution, manufacture Buenos Aires :
Name of producer, publisher, distributor, manufacturer Paidós
Date of production, publication, distribution, manufacture, or copyright notice 1997
300 ## - PHYSICAL DESCRIPTION
Extent 273 p.
Dimensions 22 cm.
505 ## - FORMATTED CONTENTS NOTE
Formatted contents note 1. Psicología social de las organizaciones - 2. La organización convocante - 3. Semiótica de las organizaciones - 4. Relaciones entre lo manifiesto y lo latente - 5. El espacio organizacional.
590 ## - LOCAL NOTE (RLIN)
Local note niveau_biblio:m niveau_hierar:0
856 41 - ELECTRONIC LOCATION AND ACCESS
Uniform Resource Identifier <a href="https://biblioeco.unsa.edu.ar/pmb/images/libros/psicologiaSocial.jpg">https://biblioeco.unsa.edu.ar/pmb/images/libros/psicologiaSocial.jpg</a>
Link text Imagen de portada
Electronic format type image/jpeg
942 ## - ADDED ENTRY ELEMENTS (KOHA)
Koha item type
Existencias
Withdrawn status Lost status Damaged status Not for loan Home library Current library Shelving location Date acquired Total checkouts Full call number Barcode Date last seen Price effective from Koha item type
        Biblioteca Prof. Eusebio Cleto del Rey Biblioteca Prof. Eusebio Cleto del Rey   07/04/2026   658.013 S291 L69950 07/04/2026 07/04/2026 Libro
        Biblioteca Prof. Eusebio Cleto del Rey Biblioteca Prof. Eusebio Cleto del Rey   07/04/2026   658.013 S291 L69949 07/04/2026 07/04/2026 Libro